| 000 | 00358nam a22001457a 4500 | ||
|---|---|---|---|
| 008 | 210310b ||||| |||| 00| 0 eng d | ||
| 020 | _a9780670814626 | ||
| 041 | _aeng | ||
| 080 | _a316 | ||
| 082 | _a316 | ||
| 100 | _a50 | ||
| 101 | _aSOC | ||
| 245 |
_aThe how the Modern World women s Movement Split Changed America Open _cRiesman, D |
||
| 942 |
_2udc _cBK |
||
| 999 |
_c56130 _d56130 |
||